00354nam a2200121Ia 4500008004100000082001700041100001400058245004200072260002700114300000700141630004200148730004200190100122s9999 xx 000 0 und d b30322a181.4 aAUROBINDO aSRI AUROBINDO AND THE MOTHER ON MONEY bAUROBINDO ASHRAMc1905 a32 aSRI AUROBINDO AND THE MOTHER ON MONEY aSRI AUROBINDO AND THE MOTHER ON MONEY